00696cam a2200205 a 450000100100000000500170001000800410002702000150006804000290008308200180011210000320013024500410016226000370020330000210024065000280026165000310028991000340032095201210035499900150047500000803120200929154412.0940706s1992 sp 001 0 spa  a8432246832 aDO-SdBNPbspacLCdBNPHU a863.64bR896s1 aRubio, Fanny,d1949-92193713aLa sal del chocolate /cFanny Rubio. aBarcelona :bSeix Barral,c1992. a237 p. ;c20 cm. 4aNovela española91123 4aLiteratura española9632 aCatalogación por copia / LC 001052708MOaGRbGRcCTd2009-09-14iLF1l0o863.64 R896sp8031-10r2020-06-25w2020-06-25y2ZPréstamo interno c7808d7808